[Event "Druzynowe Mistrzostwa Polski Juniorow - I Liga"]
[Site "Centrum Wypoczynkowo-Szkoleniowe Gwarek, Ustron"]
[Date "1899-12-30"]
[Round "6.22"]
[White "Polczyk, Mikolaj"]
[Black "Luczak, Filip"]
[Result "0-1"]
[WhiteTitle "I"]
[BlackTitle "II+"]
[WhiteElo "1716"]
[BlackElo "1629"]

1. c4 Nf6 2. Nc3 e6 3. g3 d5 4. cxd5 exd5 5. Bg2 c6 6. d4 Bd6 7. Nf3 Bf5 8. O-O
h6 9. Nd2 O-O 10. e4 dxe4 11. Ndxe4 Bc7 12. Nxf6+ Qxf6 13. Be3 Na6 14. Qb3 Bb6
15. Rfd1 Be6 16. Qa4 Nc7 17. Ne4 Qe7 18. Re1 Nd5 19. Bd2 Rfe8 20. Rac1 Rad8 21.
Nc5 Nc7 22. Bc3 Nb5 23. Nxe6 fxe6 24. Rcd1 Qf6 25. Re4 e5 26. dxe5 Qxf2+ 27. Kh1
Nxc3 28. bxc3 Rd2 29. Qc4+ Kh8 30. Qf1 Qxg2+ 0-1

[Event "Druzynowe Mistrzostwa Polski Juniorow - I Liga"]
[Site "Centrum Wypoczynkowo-Szkoleniowe Gwarek, Ustron"]
[Date "1899-12-30"]
[Round "6.23"]
[White "Czaplewska, Klara"]
[Black "Stebel, Agata"]
[Result "1-0"]
[WhiteTitle "I++"]
[BlackTitle "k"]
[WhiteElo "1669"]
[BlackElo "1864"]

1. d4 d5 2. c4 e6 3. Nc3 c5 4. cxd5 exd5 5. Nf3 Nc6 6. g3 Nf6 7. Bg2 Be7 8. O-O
O-O 9. dxc5 Bxc5 10. b3 h6 11. Bb2 Be6 12. Rc1 Be7 13. a3 Rc8 14. Qd3 Qd7 15.
Nb5 Rfd8 16. Nbd4 Nxd4 17. Nxd4 Bg4 18. Rfd1 Rxc1 19. Rxc1 a6 20. Nf3 Bf5 21.
Qd4 Qb5 22. Qe5 Be6 23. Nd4 Qb6 24. Qc7 Qxc7 25. Rxc7 Rd7 26. Rc8+ Kh7 27. Nxe6
fxe6 28. Bh3 Rd6 29. Rc7 Bd8 30. Rxb7 Rc6 31. e3 Kg6 32. b4 Rc2 33. Bd4 Ra2 34.
Bxe6 Rxa3 35. h4 Ra2 36. g4 Kh7 37. Bf5+ Kg8 38. Rb8 1-0

[Event "Druzynowe Mistrzostwa Polski Juniorow - I Liga"]
[Site "Centrum Wypoczynkowo-Szkoleniowe Gwarek, Ustron"]
[Date "1899-12-30"]
[Round "6.24"]
[White "Bilczewska, Olga"]
[Black "Bienko, Jagoda"]
[Result "1-0"]
[WhiteTitle "I"]
[BlackTitle "II"]
[WhiteElo "1673"]
[BlackElo "1242"]

1. e4 c5 2. d4 cxd4 3. c3 dxc3 4. Nxc3 Nc6 5. Bc4 e6 6. Nf3 a6 7. a4 Qc7 8. O-O
Nf6 9. h3 Be7 10. Re1 O-O 11. Bb3 Re8 12. e5 Nd5 13. Bxd5 exd5 14. Nxd5 Qd8 15.
Be3 d6 16. Bb6 Qd7 17. Nc7 dxe5 18. Nxa8 Qf5 19. Qe2 Bb4 20. Red1 e4 21. Nd4 Qg6
22. Kh1 Bxh3 23. gxh3 Rxa8 24. Nxc6 Qxc6 25. Be3 h6 26. Rd4 Be7 27. Qg4 Bf6 28.
Rc1 Qe8 29. Rxe4 Qd8 30. Bd4 Bxd4 31. Rxd4 Qf6 32. Rc8+ Rxc8 33. Qxc8+ Kh7 34.
Qc2+ g6 35. Rd3 Qf5 36. Qe2 Qg5 37. Qe3 Qf6 38. Qf3 Qe6 39. Re3 Qd7 40. Qf6 h5
41. Re7 Qxh3+ 42. Kg1 Qg4+ 43. Kh2 Kh6 44. Re8 Kh7 45. Rh8# 1-0

[Event "Druzynowe Mistrzostwa Polski Juniorow - I Liga"]
[Site "Centrum Wypoczynkowo-Szkoleniowe Gwarek, Ustron"]
[Date "1899-12-30"]
[Round "6.25"]
[White "Winiarski, Mikolaj"]
[Black "Kucza, Karol"]
[Result "1-0"]
[WhiteTitle "k"]
[BlackTitle "k"]
[WhiteElo "2160"]
[BlackElo "2119"]

1. d4 d5 2. c4 e6 3. cxd5 exd5 4. Nc3 c6 5. Qc2 Nf6 6. Bg5 Be7 7. e3 O-O 8. Bd3
Nbd7 9. Nge2 Re8 10. O-O Ne4 11. Bxe7 Qxe7 12. Rae1 Ndf6 13. f3 Nxc3 14. Nxc3
Be6 15. Na4 Rad8 16. a3 h6 17. b4 Bc8 18. Nc5 Qd6 19. Re2 Re7 20. Rc1 Rde8 21.
Qd2 Nd7 22. Nb3 Nf8 23. a4 Ng6 24. b5 Qa3 25. Rb1 cxb5 26. Bxb5 Bf5 27. Rb2 Rc8
28. Nc5 b6 29. Rb3 Qa1+ 30. Re1 Qxe1+ 31. Qxe1 bxc5 32. dxc5 Rxc5 33. Rc3 Rec7
34. Rxc5 Rxc5 35. Qa5 Rc1+ 36. Kf2 Rc2+ 37. Kg3 h5 38. h4 Kh7 39. Bf1 Be6 40.
Qxa7 Kh6 41. Bd3 Ra2 42. Qd4 Ra3 43. Bc2 Ra2 44. Bb3 Ra3 45. Qb2 1-0

[Event "Druzynowe Mistrzostwa Polski Juniorow - I Liga"]
[Site "Centrum Wypoczynkowo-Szkoleniowe Gwarek, Ustron"]
[Date "1899-12-30"]
[Round "6.26"]
[White "Madrawski, Krzysztof"]
[Black "Wisniewski, Jacek"]
[Result "0-1"]
[WhiteTitle "I+"]
[BlackTitle "I"]
[WhiteElo "1972"]
[BlackElo "1841"]

1. e4 e5 2. Nf3 Nc6 3. Bb5 a6 4. Ba4 Nf6 5. d3 Bc5 6. Be3 Bxe3 7. fxe3 b5 8. Bb3
d6 9. Nc3 O-O 10. a4 b4 11. Nd5 Rb8 12. O-O Na5 13. Nd2 Nd7 14. c3 Nxb3 15. Nxb3
bxc3 16. Na5 cxb2 17. Rb1 Bb7 18. Rxb2 Bxd5 19. Rxb8 Qxb8 20. exd5 Qb6 21. Qd2
Nf6 22. Rxf6 gxf6 23. Nc6 Re8 24. Qe2 Qc5 25. Qg4+ Kh8 26. Qf3 f5 27. Kf1 Qc1+
28. Kf2 Qd2+ 29. Qe2 Qxe2+ 30. Kxe2 Kg7 31. Kd2 Kf6 32. Nb4 a5 33. Nc6 f4 34.
exf4 exf4 35. d4 Rg8 36. g3 fxg3 0-1

[Event "Druzynowe Mistrzostwa Polski Juniorow - I Liga"]
[Site "Centrum Wypoczynkowo-Szkoleniowe Gwarek, Ustron"]
[Date "1899-12-30"]
[Round "6.27"]
[White "Chylewski, Patryk"]
[Black "Woloch, Oskar"]
[Result "1/2-1/2"]
[WhiteTitle "k"]
[BlackTitle "k"]
[WhiteElo "2168"]
[BlackElo "2108"]

1. Nf3 Nf6 2. d4 d5 3. c4 c6 4. Nc3 e6 5. cxd5 exd5 6. Qc2 Bd6 7. Bg5 O-O 8. e3
h6 9. Bh4 Re8 10. Bd3 Nbd7 11. O-O Nf8 12. Rab1 Bg4 13. Nd2 Be7 14. b4 b5 15.
a4 a6 16. Na2 Rc8 17. Nb3 N6d7 18. Bxe7 Qxe7 19. Rbc1 Nb6 20. Nc5 Qa7 21. Nc3
Ra8 22. e4 Ne6 23. Nxe6 Bxe6 24. e5 bxa4 25. Rfd1 Kh8 26. Be2 Bd7 27. Ra1 a5 28.
b5 Rec8 29. Rab1 c5 30. Nxa4 Nxa4 31. Qxa4 Qb6 32. Bf3 Be6 33. dxc5 Rxc5 34. Rdc1
Rac8 35. Rxc5 Rxc5 36. Be2 d4 37. Qa3 Bf5 38. Bd3 Bxd3 39. Qxd3 Rxe5 40. h3 g6
41. Rd1 Rxb5 42. Qxd4+ Qxd4 43. Rxd4 Rb1+ 44. Kh2 Rb4 45. Rd8+ Kg7 46. Ra8 a4
47. Ra6 h5 48. g3 h4 49. gxh4 Rxh4 50. Kg3 g5 51. f3 f6 52. Ra5 Rd4 53. Ra6 Kg6
54. Ra5 Rf4 55. Ra7 Kf5 56. Re7 Rc4 57. Re8 Rc1 58. Ra8 Ra1 59. Ra5+ Kg6 60. h4
gxh4+ 61. Kxh4 a3 62. Kg3 a2 63. Kf4 1/2-1/2

[Event "Druzynowe Mistrzostwa Polski Juniorow - I Liga"]
[Site "Centrum Wypoczynkowo-Szkoleniowe Gwarek, Ustron"]
[Date "1899-12-30"]
[Round "6.28"]
[White "Gorkiewicz, Mateusz"]
[Black "Maminski, Hubert"]
[Result "0-1"]
[WhiteTitle "II"]
[BlackTitle "I"]
[WhiteElo "1353"]
[BlackElo "1763"]

1. e4 c6 2. Nc3 d5 3. Nf3 Bg4 4. h3 Bxf3 5. Qxf3 e6 6. d3 Nf6 7. Bf4 Qa5 8. Bd2
Qc7 9. g3 Nbd7 10. Bg2 Bd6 11. O-O O-O 12. Qe2 d4 13. Nd1 e5 14. c3 dxc3 15. Nxc3
Bc5 16. Be3 Qd6 17. Qd2 Rfd8 18. Rac1 Nf8 19. Rfd1 Ne6 20. Ne2 Rd7 21. a3 Rad8
22. Rc3 Bd4 23. Bxd4 Nxd4 24. Nxd4 Qxd4 25. Qe2 Ne8 26. Bf3 Nc7 27. Bg4 Rd6 28.
Rc2 Qb6 29. Qf1 Qb3 30. Rcd2 Na6 31. Kh2 Nc5 32. Bf3 Rxd3 33. Rxd3 Rxd3 34. Rxd3
Qxd3 35. Qc1 Nb3 36. Qg5 h6 37. Qg4 Nd4 38. Bg2 Qe2 39. Qc8+ Kh7 40. Qxb7 Qxf2
41. h4 Ne2 42. Qb3 Nd4 43. Qb7 Nf3+ 44. Kh3 Ne1 45. Qd7 Qxg2+ 46. Kg4 h5+ 47.
Kxh5 Qf3+ 48. g4 g6+ 49. Kg5 Qf4# 0-1

[Event "Druzynowe Mistrzostwa Polski Juniorow - I Liga"]
[Site "Centrum Wypoczynkowo-Szkoleniowe Gwarek, Ustron"]
[Date "1899-12-30"]
[Round "6.29"]
[White "Olechnicka, Karolina"]
[Black "Dwilewicz, Katarzyna"]
[Result "1-0"]
[WhiteTitle "k++"]
[BlackTitle "I++"]
[WhiteElo "1892"]
[BlackElo "1872"]

1. e4 c5 2. Nf3 e6 3. d4 cxd4 4. Nxd4 Nf6 5. Nc3 Nc6 6. Ndb5 Bb4 7. a3 Bxc3+ 8.
Nxc3 d5 9. Bg5 d4 10. Bxf6 Qxf6 11. Na2 Qg6 12. f3 e5 13. Qd2 f5 14. Bd3 fxe4
15. Bxe4 Bf5 16. Bxf5 Qxf5 17. O-O O-O 18. Rae1 Rfd8 19. Re4 Ne7 20. Rfe1 Ng6
21. Nb4 Rac8 22. Nd3 Rd5 23. Qb4 b5 24. Qb3 Rc4 25. a4 a6 26. axb5 axb5 27. Qa2
Qg5 28. b3 Rc3 29. b4 Rc4 30. Nb2 Nh4 31. Rg4 Qd8 32. Nxc4 bxc4 33. Qxc4 Ng6 34.
Rxg6 hxg6 35. Rxe5 1-0

[Event "Druzynowe Mistrzostwa Polski Juniorow - I Liga"]
[Site "Centrum Wypoczynkowo-Szkoleniowe Gwarek, Ustron"]
[Date "1899-12-30"]
[Round "6.30"]
[White "Karlyk, Maria"]
[Black "Moscicka, Pola"]
[Result "1-0"]
[WhiteTitle "I"]
[BlackTitle "I"]
[WhiteElo "1392"]
[BlackElo "1644"]

1. e4 c5 2. Nf3 d6 3. d4 cxd4 4. Nxd4 Nf6 5. Bd3 a6 6. Nc3 e6 7. O-O Be7 8. Kh1
O-O 9. f4 Qc7 10. Qf3 Nbd7 11. Bd2 Nc5 12. Rae1 Nxd3 13. cxd3 Qb6 14. Nb3 Bd7
15. Qg3 Bc6 16. e5 dxe5 17. fxe5 Ne8 18. Ne4 Bxe4 19. Rxe4 f5 20. Re2 a5 21. Bc3
a4 22. Nd4 Rd8 23. Qe1 Rxd4 24. Bxd4 Qxd4 25. Qd1 Nc7 26. Qc2 Nd5 27. Qc4 Qa7
28. d4 Rd8 29. a3 Nb6 30. Qxe6+ Kh8 31. Qxe7 Rc8 32. h3 Nd5 33. Qd7 Nb6 34. Qxf5
Qa8 35. e6 Nc4 36. e7 Nd6 37. Qf8+ Rxf8 38. Rxf8+ 1-0

[Event "Druzynowe Mistrzostwa Polski Juniorow - I Liga"]
[Site "Centrum Wypoczynkowo-Szkoleniowe Gwarek, Ustron"]
[Date "1899-12-30"]
[Round "7.1"]
[White "Kucza, Karol"]
[Black "Korpalski, Maciej"]
[Result "1-0"]
[WhiteTitle "k"]
[BlackTitle "I"]
[WhiteElo "2119"]
[BlackElo "1838"]

1. e4 e5 2. Nf3 Nc6 3. Bb5 a6 4. Ba4 Nf6 5. O-O Be7 6. Re1 b5 7. Bb3 d6 8. c3 O-O
9. h3 Nb8 10. d4 Nbd7 11. Nbd2 Bb7 12. Bc2 Re8 13. b3 Bf8 14. d5 c6 15. c4 g6
16. Rb1 Bg7 17. a4 b4 18. Nf1 Nc5 19. Ng3 Qc7 20. Nh2 a5 21. Ng4 Bc8 22. Nh6+
Kh8 23. Qf3 Rf8 24. Ng4 Nxg4 25. hxg4 cxd5 26. exd5 Qd7 27. g5 f5 28. gxf6 Rxf6
29. Qe2 Qg4 30. Qxg4 Bxg4 31. Ne4 Nxe4 32. Bxe4 Bf5 33. f3 h5 34. Be3 Bxe4 35.
fxe4 Kh7 36. Rf1 Rb8 37. Rbc1 Bh6 38. Ba7 Rxf1+ 39. Rxf1 Rb7 40. Bf2 Bd2 41. Rd1
Bg5 42. g3 Kg7 43. Kf1 Bd8 44. Ke2 Bb6 45. Bxb6 Rxb6 46. c5 dxc5 47. Kd3 Kf7 48.
Kc4 Ke7 49. Kxc5 Rf6 50. Rd3 Rf1 51. d6+ Kd7 52. Kd5 Rc1 53. Kxe5 g5 54. Kd5 Rc3
55. Rd1 Rxb3 56. e5 Re3 57. Rf1 b3 58. e6+ Kc8 59. d7+ Kc7 60. Rc1+ Kb7 61. e7
b2 62. Rb1 1-0

[Event "Druzynowe Mistrzostwa Polski Juniorow - I Liga"]
[Site "Centrum Wypoczynkowo-Szkoleniowe Gwarek, Ustron"]
[Date "1899-12-30"]
[Round "7.2"]
[White "Holownia, Michal"]
[Black "Madrawski, Krzysztof"]
[Result "1/2-1/2"]
[WhiteTitle "II+"]
[BlackTitle "I+"]
[WhiteElo "1871"]
[BlackElo "1972"]

1. e4 e6 2. d4 d5 3. Nc3 Nf6 4. Bg5 Be7 5. e5 Nfd7 6. h4 h6 7. Be3 c5 8. Qg4 Rg8
9. f4 cxd4 10. Bxd4 Nc6 11. Nf3 Nxd4 12. Nxd4 Nc5 13. O-O-O Bd7 14. Qh5 Qb6 15.
f5 g6 16. Qxh6 gxf5 17. Qh7 O-O-O 18. Qxf7 Rde8 19. Kb1 Qd8 20. Qh5 Rh8 21. Qf3
Rxh4 22. Rxh4 Bxh4 23. g4 fxg4 24. Qxg4 Rg8 25. Qe2 a6 26. a3 Rg3 27. Nf3 Be7
28. Qf2 Qg8 29. Nd4 Kb8 30. Qf4 Rg4 31. Qh2 Ka8 32. Qf2 Rg5 33. b4 Na4 34. Nxa4
Bxa4 35. Bh3 Bd7 36. Rf1 Rg7 37. Kb2 Rh7 38. Qe3 Bg5 39. Qc3 Qe8 40. Qc5 Be7 41.
Qc3 Bd8 42. Qc5 1/2-1/2

[Event "Druzynowe Mistrzostwa Polski Juniorow - I Liga"]
[Site "Centrum Wypoczynkowo-Szkoleniowe Gwarek, Ustron"]
[Date "1899-12-30"]
[Round "7.3"]
[White "Woloch, Oskar"]
[Black "Sernecki, Franciszek"]
[Result "1/2-1/2"]
[WhiteTitle "k"]
[BlackTitle "I"]
[WhiteElo "2108"]
[BlackElo "1932"]

1. e4 e6 2. b3 d5 3. Bb2 dxe4 4. Nc3 Nf6 5. g4 h6 6. Bg2 Bd7 7. Nxe4 Nxe4 8. Bxe4
Bc6 9. Qe2 Bxe4 10. Qxe4 Qd5 11. Qxd5 exd5 12. f4 f6 13. Kf2 Kf7 14. Ne2 Bd6 15.
Kf3 c6 16. Ng3 Re8 17. Nf5 Bf8 18. h4 Nd7 19. Rae1 g6 20. Rxe8 Rxe8 21. Ng3 Bd6
22. h5 g5 23. fxg5 fxg5 24. Nf5 Bf8 25. c4 dxc4 26. bxc4 Nb6 27. Rc1 Nc8 28. c5
Rd8 29. d4 Kg8 30. Re1 Kf7 31. Rc1 Kg8 32. Ke4 Ne7 33. Nxe7+ Bxe7 34. Rf1 Rd5
35. Bc3 b6 36. cxb6 axb6 37. Rb1 b5 38. Be1 Bf6 39. Bf2 Kf7 40. Rc1 Rd6 41. Rc5
Re6+ 42. Kd3 Rd6 43. a4 bxa4 44. Ra5 Bg7 45. Ra7+ Kg8 46. Rxa4 c5 47. Be3 cxd4
48. Bxd4 Bxd4 49. Rxd4 Rxd4+ 50. Kxd4 Kf8 51. Ke4 Ke8 52. Kd4 Kd8 53. Kd5 Kd7
54. Ke4 1/2-1/2

[Event "Druzynowe Mistrzostwa Polski Juniorow - I Liga"]
[Site "Centrum Wypoczynkowo-Szkoleniowe Gwarek, Ustron"]
[Date "1899-12-30"]
[Round "7.4"]
[White "Kawaler, Adam"]
[Black "Gorkiewicz, Mateusz"]
[Result "1-0"]
[WhiteTitle "I"]
[BlackTitle "II"]
[WhiteElo "1553"]
[BlackElo "1353"]

1. e4 e5 2. Nf3 Nc6 3. Bb5 Nf6 4. O-O Bc5 5. Nxe5 Nxe5 6. d4 a6 7. Be2 Bxd4 8.
Qxd4 Nc6 9. Qd3 O-O 10. a3 d6 11. Nc3 Be6 12. f4 h6 13. h3 Re8 14. b3 Qe7 15.
Bb2 Rad8 16. Bf3 Bc8 17. Rae1 Bd7 18. Qd2 Bc8 19. Nd5 Qf8 20. Bxf6 gxf6 21. Nxf6+
Kh8 22. Nxe8 Rxe8 23. Qc3+ Kg8 24. Re3 Bd7 25. Bh5 Re7 26. Rg3+ Kh7 27. Qf6 Nd8
28. f5 Bc6 29. Bg6+ Kg8 30. Bxf7+ Kh7 31. Bg6+ Kg8 32. Bh7+ 1-0

[Event "Druzynowe Mistrzostwa Polski Juniorow - I Liga"]
[Site "Centrum Wypoczynkowo-Szkoleniowe Gwarek, Ustron"]
[Date "1899-12-30"]
[Round "7.5"]
[White "Dwilewicz, Katarzyna"]
[Black "Dmochowska, Agnieszka"]
[Result "0-1"]
[WhiteTitle "I++"]
[BlackTitle "WCM"]
[WhiteElo "1872"]
[BlackElo "1869"]

1. e4 c5 2. Nf3 d6 3. d4 cxd4 4. Qxd4 Nf6 5. Bb5+ Bd7 6. Bxd7+ Qxd7 7. O-O Nc6
8. Qe3 g6 9. c4 Bg7 10. Nc3 O-O 11. Bd2 Rac8 12. b3 e6 13. Rad1 d5 14. exd5 exd5
15. cxd5 Ne7 16. Ne5 Qf5 17. Nc4 Nexd5 18. Nxd5 Nxd5 19. Qxa7 Ra8 20. Qxb7 Rfb8
21. Qc6 Rc8 22. Qb5 Rab8 23. Qa5 Ra8 24. Qb5 Bf8 25. Rfe1 Rab8 26. Qa6 Ra8 27.
Qb7 Bc5 28. Re5 Qxf2+ 29. Kh1 Nf6 30. Rde1 Ng4 31. R5e2 Qf5 32. g3 Nf2+ 33. Kg1
Nd3+ 34. Kg2 Nxe1+ 35. Bxe1 Re8 36. Rxe8+ Rxe8 37. Bd2 Re2+ 38. Kh1 Qf1# 0-1

[Event "Druzynowe Mistrzostwa Polski Juniorow - I Liga"]
[Site "Centrum Wypoczynkowo-Szkoleniowe Gwarek, Ustron"]
[Date "1899-12-30"]
[Round "7.6"]
[White "Frej, Zofia"]
[Black "Karlyk, Maria"]
[Result "1/2-1/2"]
[WhiteTitle "I+"]
[BlackTitle "I"]
[WhiteElo "1823"]
[BlackElo "1392"]

1. e4 c5 2. c3 e6 3. d4 cxd4 4. cxd4 Nf6 5. Nc3 Bb4 6. Bd3 O-O 7. Nf3 Nc6 8. O-O
Bxc3 9. bxc3 h6 10. h3 Nh7 11. Rb1 d6 12. Nh2 f5 13. exf5 exf5 14. Re1 d5 15.
Ba3 Re8 16. Qc2 Rxe1+ 17. Rxe1 Nf6 18. Bb4 Nxb4 19. cxb4 Qb6 20. Qb2 Bd7 21. Nf3
Rc8 22. Ne5 Be6 23. Ng6 Kf7 24. Ne5+ Kg8 25. Ng6 Kf7 26. Ne5+ Kg8 1/2-1/2

[Event "Druzynowe Mistrzostwa Polski Juniorow - I Liga"]
[Site "Centrum Wypoczynkowo-Szkoleniowe Gwarek, Ustron"]
[Date "1899-12-30"]
[Round "7.7"]
[White "Bilczewski, Kacper"]
[Black "Winiarski, Mikolaj"]
[Result "1/2-1/2"]
[WhiteTitle "I"]
[BlackTitle "k"]
[WhiteElo "2056"]
[BlackElo "2160"]

1. e4 c6 2. d4 d5 3. Nc3 dxe4 4. Nxe4 Nd7 5. Ng5 Ngf6 6. Bc4 e6 7. Qe2 Nb6 8. Bd3
h6 9. N5f3 c5 10. dxc5 Nbd7 11. Ne5 Nxe5 12. Qxe5 Nd7 13. Qd4 Nxc5 14. Qxd8+ Kxd8
15. Bc4 Bd6 16. Be3 Ke7 17. Ne2 Bd7 18. Nc3 a6 19. O-O-O Rac8 20. Be2 Rhd8 21.
Bf3 Be5 22. Bd4 Bxd4 23. Rxd4 Bc6 24. Rxd8 Kxd8 25. Bxc6 Rxc6 26. Rd1+ Ke7 27.
Kd2 Nd7 28. f3 g5 29. b3 f5 30. Ne2 e5 31. c4 Nf6 32. Nc3 Ke6 33. Kd3 h5 34. b4
Rc8 35. c5 Rd8+ 36. Kc4 Rxd1 37. Nxd1 e4 38. fxe4 Nxe4 39. Kd4 Nf6 40. a4 Ng4
41. h3 Ne5 42. b5 axb5 43. axb5 h4 44. Ne3 f4 45. Nd1 f3 46. gxf3 Nxf3+ 47. Ke4
Nd2+ 48. Kd3 Nb3 49. Kc4 Nd2+ 50. Kd3 Nb3 1/2-1/2

[Event "Druzynowe Mistrzostwa Polski Juniorow - I Liga"]
[Site "Centrum Wypoczynkowo-Szkoleniowe Gwarek, Ustron"]
[Date "1899-12-30"]
[Round "7.8"]
[White "Wisniewski, Jacek"]
[Black "Maj, Kornel"]
[Result "1/2-1/2"]
[WhiteTitle "I"]
[BlackTitle "I"]
[WhiteElo "1841"]
[BlackElo "2051"]

1. e4 c5 2. Nf3 d6 3. d4 cxd4 4. Qxd4 Nc6 5. Bb5 Bd7 6. Qd3 g6 7. c4 Bg7 8. O-O
Nf6 9. Nc3 O-O 10. h3 a6 11. Bxc6 Bxc6 12. Be3 b5 13. cxb5 Bxb5 14. Nxb5 axb5
15. Nd4 Qd7 16. f3 Rfb8 17. a3 Qb7 18. Rac1 Nd7 19. Nc6 Ne5 20. Nxe5 Bxe5 21.
Bd4 Bxd4+ 22. Qxd4 b4 23. axb4 Ra4 24. Rc4 Rxb4 25. Rxb4 Qxb4 26. Qxb4 Rxb4 27.
Rf2 f5 28. Re2 Kf7 29. exf5 gxf5 30. g4 fxg4 31. hxg4 e5 32. Kf2 Ke6 33. Rc2 Rb3
34. Ke2 d5 35. Rc6+ Kf7 36. Rc2 d4 37. Rd2 Ke6 38. f4 Rg3 39. fxe5 Kxe5 40. Kd1
Rxg4 41. Rh2 Rg7 42. Kd2 Kd5 43. Kd3 Rg3+ 44. Kd2 Kc4 45. Rxh7 Rg2+ 46. Kd1 Rxb2
47. Rh3 Rb1+ 48. Kd2 Rg1 49. Rf3 Rg4 50. Rh3 d3 51. Rh8 Rg2+ 52. Kd1 Kc3 1/2-1/2

[Event "Druzynowe Mistrzostwa Polski Juniorow - I Liga"]
[Site "Centrum Wypoczynkowo-Szkoleniowe Gwarek, Ustron"]
[Date "1899-12-30"]
[Round "7.9"]
[White "Ochowicz, Jakub"]
[Black "Chylewski, Patryk"]
[Result "1/2-1/2"]
[WhiteTitle "I"]
[BlackTitle "k"]
[WhiteElo "1849"]
[BlackElo "2168"]

1. e4 e6 2. d3 d5 3. Nd2 c5 4. Ngf3 Nc6 5. g3 Bd6 6. Bg2 Nge7 7. O-O O-O 8. Re1
Bc7 9. Nf1 Rb8 10. Qe2 b5 11. h4 a5 12. N1h2 c4 13. Bd2 Ba6 14. d4 dxe4 15. Qxe4
Qd5 16. Qxd5 Nxd5 17. c3 b4 18. Nf1 a4 19. Ne3 Nce7 20. Nxd5 Nxd5 21. Ne5 bxc3
22. bxc3 Rb2 23. Bxd5 exd5 24. Bc1 Rc2 25. Ba3 Ra8 26. Rec1 Rxc1+ 27. Rxc1 Re8
28. Nc6 Bb7 29. Ne7+ Kh8 30. Re1 Rb8 31. Nf5 Ba5 32. Rc1 f6 33. Ne3 Bc6 34. Kf1
Kg8 35. Ke2 Rb5 36. Kd2 Be8 37. Nd1 Rb6 38. Bc5 Rb8 39. Bd6 Rb7 40. Bc5 Bh5 41.
Ba3 Rb8 42. Bd6 Rb7 43. Ba3 Bd8 44. Bb4 Bf3 45. a3 Be7 46. Ne3 Be4 47. Re1 Bxb4
48. cxb4 Bf3 49. Nf5 Kf8 50. Re8+ Kxe8 51. Nd6+ Ke7 52. Nxb7 Bh5 53. Nc5 Be8 54.
Ke3 Bb5 55. Kd2 g5 56. f3 h6 57. h5 f5 58. g4 fxg4 59. fxg4 Kd6 60. Kc3 Ke7 61.
Kd2 Be8 62. Ke3 Bb5 63. Kd2 1/2-1/2

[Event "Druzynowe Mistrzostwa Polski Juniorow - I Liga"]
[Site "Centrum Wypoczynkowo-Szkoleniowe Gwarek, Ustron"]
[Date "1899-12-30"]
[Round "7.10"]
[White "Maminski, Hubert"]
[Black "Polczyk, Mikolaj"]
[Result "0-1"]
[WhiteTitle "I"]
[BlackTitle "I"]
[WhiteElo "1763"]
[BlackElo "1716"]

1. d4 Nf6 2. c4 g6 3. Nc3 Bg7 4. g3 O-O 5. Bg2 d6 6. Nf3 Nc6 7. O-O a6 8. Re1 Rb8
9. a3 b5 10. cxb5 axb5 11. d5 Na5 12. Na2 e5 13. Bd2 Nc4 14. Bc3 Ne4 15. Qc2 Nxc3
16. Qxc3 Bb7 17. e4 f5 18. Nd2 Nb6 19. Nb4 fxe4 20. Bxe4 Qf6 21. Qe3 Qf7 22. Qf3
Bh6 23. Qxf7+ Rxf7 24. Re2 Rbf8 25. Kg2 Bc8 26. h3 Bf5 27. Bxf5 gxf5 28. f3 Rg7
29. Kh2 Kh8 30. Nf1 Bg5 31. b3 Ra8 32. Rea2 e4 33. fxe4 fxe4 34. Re1 Re7 35. Ne3
Bf6 36. Ree2 Bc3 37. Nf5 Rf7 38. g4 Re8 39. Ng3 e3 40. Nc2 Nxd5 41. Nf5 Be5+ 42.
Kg2 Nc3 43. Ncxe3 Nxe2 44. Rxe2 Bf4 45. Kf3 Bxe3 46. Rxe3 Rxe3+ 47. Kxe3 Rf8 48.
Kd4 Ra8 0-1

[Event "Druzynowe Mistrzostwa Polski Juniorow - I Liga"]
[Site "Centrum Wypoczynkowo-Szkoleniowe Gwarek, Ustron"]
[Date "1899-12-30"]
[Round "7.11"]
[White "Stebel, Agata"]
[Black "Olechnicka, Karolina"]
[Result "1/2-1/2"]
[WhiteTitle "k"]
[BlackTitle "k++"]
[WhiteElo "1864"]
[BlackElo "1892"]

1. e4 c5 2. d4 cxd4 3. c3 dxc3 4. Nxc3 Nc6 5. Nf3 g6 6. Bc4 d6 7. O-O Bg7 8. Ng5
Ne5 9. Bb3 Nh6 10. f4 Neg4 11. Qf3 O-O 12. h3 Nf6 13. Be3 Ne8 14. Rad1 e6 15.
Nb5 Qe7 16. Qg3 b6 17. Qh4 Bd7 18. Nc3 Nc7 19. Bd4 f6 20. Nf3 Rae8 21. Qf2 Kh8
22. Qd2 Nb5 23. Be3 Nf7 24. Rc1 Rc8 25. Rfd1 Nxc3 26. bxc3 Bc6 27. Nd4 Bd7 28.
Qd3 Rfe8 29. Nb5 Bxb5 30. Qxb5 Rc7 31. Qd3 Rec8 32. c4 e5 33. f5 gxf5 34. exf5
Rd8 35. Qd5 Bh6 36. Qd3 Bxe3+ 37. Qxe3 Rc5 38. Re1 Qb7 39. Rcd1 Rg8 40. Qf2 Rg5
41. Re2 Rc8 42. Kh2 Qd7 43. Rf1 Nh6 44. g4 Rxg4 45. Qe3 Rg5 46. Rg2 Nxf5 47. Qf2
Rxg2+ 48. Kxg2 Rg8+ 49. Kh2 Qg7 50. c5 Ne3 51. Bxg8 Nxf1+ 52. Qxf1 Kxg8 53. cxd6
Kf8 54. Qf5 Qg5 1/2-1/2

[Event "Druzynowe Mistrzostwa Polski Juniorow - I Liga"]
[Site "Centrum Wypoczynkowo-Szkoleniowe Gwarek, Ustron"]
[Date "1899-12-30"]
[Round "7.12"]
[White "Moscicka, Pola"]
[Black "Bilczewska, Olga"]
[Result "1-0"]
[WhiteTitle "I"]
[BlackTitle "I"]
[WhiteElo "1644"]
[BlackElo "1673"]

1. d4 e6 2. e4 d5 3. Nd2 Nf6 4. e5 Nfd7 5. Bd3 Be7 6. Ne2 O-O 7. O-O c5 8. c3 cxd4
9. cxd4 Nc6 10. Nf3 f6 11. exf6 Bxf6 12. Bd2 e5 13. Qb3 Nb6 14. dxe5 Nxe5 15.
Nxe5 Bxe5 16. Bc3 Bxc3 17. Qxc3 Qg5 18. Qc1 Qh4 19. b3 Bg4 20. h3 Bd7 21. Qe3
Rae8 22. Qg3 Qf6 23. Rac1 Bc6 24. Qg4 Re5 25. Qd4 Qe7 26. Ng3 Rg5 27. Qh4 h6 28.
f4 Qe3+ 29. Kh2 Rxf4 30. Qxf4 Qxd3 31. Rcd1 Qc2 32. Rd2 Qc3 33. Rdf2 d4 34. Ne4
Bxe4 35. Qxe4 Qg3+ 36. Kh1 Rg6 37. Qxd4 Qd6 38. Qxd6 Rxd6 39. Rf8+ Kh7 40. R8f7
Nd7 41. Re1 Nc5 42. Ree7 Rg6 43. b4 Nd3 44. Rxb7 Rg5 45. b5 Ne1 46. Rxa7 Nxg2
47. Rxg7+ Rxg7 48. Rxg7+ Kxg7 49. Kxg2 1-0

[Event "Druzynowe Mistrzostwa Polski Juniorow - I Liga"]
[Site "Centrum Wypoczynkowo-Szkoleniowe Gwarek, Ustron"]
[Date "1899-12-30"]
[Round "7.13"]
[White "Kowalski, Maciej"]
[Black "Januszkiewicz, Wojciech"]
[Result "1/2-1/2"]
[WhiteTitle "k"]
[BlackTitle "I+"]
[WhiteElo "2144"]
[BlackElo "2025"]

1. Nf3 d5 2. g3 g6 3. Bg2 Bg7 4. O-O e5 5. d3 Ne7 6. e4 O-O 7. Nc3 d4 8. Ne2 c5
9. Nh4 Nbc6 10. f4 f6 11. f5 b5 12. a4 bxa4 13. Rxa4 Bd7 14. Ra1 a5 15. g4 g5
16. Nf3 Nc8 17. Ng3 Nd6 18. h4 h6 19. hxg5 fxg5 20. Rf2 Be8 21. Bf1 Bf7 22. b3
Bf6 23. Bd2 Nb4 24. Ne1 Kg7 25. Qf3 Rh8 26. Be2 Qe8 27. Bd1 Nc6 28. Rh2 Nc8 29.
Qg2 Nb6 30. Nf3 Qd8 31. Be1 Qe8 32. Nd2 Qd7 33. Ndf1 Nb4 34. Qh3 Qe8 35. Qg2 Qd7
36. Nh5+ Bxh5 37. Rxh5 Nc6 38. Qh2 Qd6 39. Rh3 Qe7 40. Ng3 Qd6 41. Nh5+ Kf7 42.
Rf3 Ra7 43. Rf1 Rha8 1/2-1/2

[Event "Druzynowe Mistrzostwa Polski Juniorow - I Liga"]
[Site "Centrum Wypoczynkowo-Szkoleniowe Gwarek, Ustron"]
[Date "1899-12-30"]
[Round "7.14"]
[White "Lebiedowicz, Borys"]
[Black "Karwowski, Kacper"]
[Result "0-1"]
[WhiteTitle "II+"]
[BlackTitle "I++"]
[WhiteElo "1813"]
[BlackElo "2021"]

1. d4 Nf6 2. c4 c5 3. d5 e6 4. Nc3 exd5 5. Nxd5 Nxd5 6. Qxd5 Nc6 7. Nf3 d6 8. e3
g6 9. Ng5 Qe7 10. a3 Nd4 11. Bd3 Bf5 12. Ne4 Nb3 13. Rb1 O-O-O 14. O-O Bg7 15.
Bc2 Be6 16. Qd3 Nxc1 17. Rfxc1 d5 18. cxd5 Bxd5 19. Nxc5 Bxg2 20. Qb5 Bc6 21.
Na6 Qd7 22. Qc4 Qh3 23. Be4 Be5 24. Qxf7 Bxh2+ 25. Kh1 Bd6+ 26. Kg1 Qg4+ 27. Kf1
Qxe4 28. Rxc6+ Qxc6 29. Qe6+ Rd7 0-1

[Event "Druzynowe Mistrzostwa Polski Juniorow - I Liga"]
[Site "Centrum Wypoczynkowo-Szkoleniowe Gwarek, Ustron"]
[Date "1899-12-30"]
[Round "7.15"]
[White "Kabacinski, Krzysztof"]
[Black "Grzesik, Gracjan"]
[Result "1/2-1/2"]
[WhiteTitle "II"]
[BlackTitle "II+"]
[WhiteElo "1565"]
[BlackElo "1617"]

1. f4 d5 2. Nf3 c5 3. b3 g6 4. Bb2 Nf6 5. e3 Bg7 6. Be2 Nc6 7. Bb5 Bg4 8. O-O O-O
9. Bxc6 bxc6 10. d3 Qb6 11. h3 Bxf3 12. Qxf3 Rfe8 13. Nd2 Rad8 14. Rad1 Qa5 15.
a4 e6 16. Rfe1 Qb6 17. Kh1 Rd7 18. Bxf6 Bxf6 19. e4 Bg7 20. Re2 a5 21. e5 Rde7
22. Rde1 Qb4 23. Qg4 Bh6 24. g3 Bg7 25. h4 h5 26. Qh3 Bh6 27. Qg2 Rd7 28. Kh2
Rde7 29. Kh1 Rd7 30. Kh2 Rde7 31. Kh1 Rd7 32. Kh2 Rde7 1/2-1/2